[Event "17th Jozef Kochan Mem"]
[Site "Koszalin POL"]
[Date "2006.08.12"]
[Round "9"]
[White "Palosz,A"]
[Black "Sokolowski,Ry"]
[Result "1-0"]
[WhiteElo "2139"]
[BlackElo "2096"]

1.e4 c5 2.Nf3 e6 3.d4 cxd4 4.Nxd4 Nc6 5.Nc3 Qc7 6.Be3 a6 7.Be2 Nf6 8.O-O Be7
9.f4 d6 10.Qe1 O-O 11.Qg3 Nxd4 12.Bxd4 b5 13.Kh1 Bb7 14.Bd3 g6 15.e5 Nh5
16.Qf2 dxe5 17.fxe5 Rac8 18.Ne4 Bxe4 19.Bxe4 Ng7 20.g4 Bc5 21.c3 Ne8 22.Qf3 Rd8
23.Rad1 Bxd4 24.cxd4 Qb8 25.h4 f5 26.gxf5 gxf5 27.Qf4 Rd7 28.Rg1+ Rg7 29.Bf3 Kh8
30.Rxg7 Nxg7 31.h5 Rg8 32.Qh6 Qd8 33.Qf6 Rf8 34.Qxd8 Rxd8 35.h6 Ne8 36.d5 exd5
37.Rxd5 Rxd5 38.Bxd5 Nc7 39.Bf7  1-0

[Event "San Agustin Open"]
[Site "Aviles ESP"]
[Date "2006.08.13"]
[Round "9"]
[White "Gorecka,J"]
[Black "Almeida Toledano,D"]
[Result "1/2-1/2"]
[WhiteElo "2082"]
[BlackElo "2250"]

1.e4 c5 2.Nf3 e6 3.d4 cxd4 4.Nxd4 Nc6 5.Nc3 Qc7 6.Be3 a6 7.Qd2 Nf6 8.f3 b5
9.Nxc6 dxc6 10.O-O-O Bb7 11.g4 b4 12.Ne2 c5 13.g5 Nd7 14.Nf4 O-O-O 15.Bc4 Qc6
16.Qe2 Be7 17.Nd3 Bd6 18.Kb1 Nb6 19.Nc1 Nxc4 20.Qxc4 a5 21.Qe2 Be7 22.Nb3 a4
23.Na5 Qb6 24.Nxb7 Kxb7 25.Qc4 Qa6 26.Qxa6+ Kxa6 27.Kc1 Kb5 28.Rxd8 Rxd8
29.Rd1 c4 30.Rxd8 Bxd8 31.b3 Bc7 32.h3 Be5 33.Kd1  1/2-1/2

[Event "Open"]
[Site "Stare Mesto CZE"]
[Date "2006.08.13"]
[Round "3"]
[White "Balazec,L"]
[Black "Schulz,Jo"]
[Result "1-0"]
[WhiteElo "2058"]
[BlackElo "2259"]

1.e4 c5 2.Nc3 Nc6 3.Nge2 e6 4.d4 cxd4 5.Nxd4 d6 6.Be3 Nf6 7.Be2 Be7 8.O-O O-O
9.Kh1 Qc7 10.f4 a6 11.a4 Re8 12.a5 Nxa5 13.e5 Nd5 14.Nxe6 fxe6 15.Nxd5 exd5
16.Qxd5+ Kh8 17.Rxa5 Be6 18.exd6 Bxd6 19.Qd2 Bf7 20.Rg5 Be7 21.Rg3 Bf6 22.c3 Rad8
23.Qc1 Re7 24.Bg4 Rde8 25.Rh3 b5 26.Bf5 g6 27.Bd3 Qd7 28.Bc5 Re6 29.f5 Rc6
30.fxg6 Bg8 31.Qf4 Be5 32.Bd4 Qxd4 33.Qxd4 Bxd4 34.cxd4 Rd6 35.gxh7 Bd5 36.Re3 Rc8
37.h3 Rh6 38.Kh2 Bc4 39.Rc1 Rhc6 40.Bf5 Rf8 41.g4 Rd6 42.b3 Bf7 43.Rc7 Bg6
44.Bxg6 Rxg6 45.Rd7 Ra8 46.b4 Rc6 47.g5 a5 48.bxa5 b4 49.h4 Rca6 50.Rg3 R6a7
51.Rxa7 Rxa7 52.g6 Kg7 53.h5 Ra8 54.a6 b3 55.Rxb3 Rc8 56.a7  1-0

[Event "Epetium Open"]
[Site "Stobrec CRO"]
[Date "2006.08.13"]
[Round "3"]
[White "Marcic,I"]
[Black "Baturina,A"]
[Result "1-0"]
[WhiteElo "2039"]
[BlackElo "1851"]

1.e4 c5 2.Nf3 Nc6 3.Nc3 e6 4.d4 cxd4 5.Nxd4 a6 6.Be2 Qc7 7.O-O Nf6 8.Be3 Bb4
9.Na4 b5 10.Nxc6 Qxc6 11.Nb6 Rb8 12.Nxc8 Rxc8 13.c3 Bc5 14.Bxc5 Qxc5 15.Bf3 Ke7
16.Re1 Qe5 17.a4 h5 18.axb5 axb5 19.h3 g5 20.Qd4 Qxd4 21.cxd4 Rc4 22.e5 Nd5
23.Red1 Rb4 24.Rd2 h4 25.Bxd5 exd5 26.Ra6 Rc8 27.Rd6 Rc6 28.Rxd5 Rbc4 29.Rxb5 Rc2
30.Rxc2 Rxc2 31.Kf1 Rc4 32.d5 Re4 33.e6 fxe6 34.dxe6 dxe6 35.Rxg5 Rb4 36.Rg4 Rxb2
37.Rxh4 Kf6 38.g3 Kg5 39.Re4 Kf5 40.Re2 Rb7 41.Kg2 e5 42.h4 Rb3 43.Ra2 Rd3
44.Ra8 e4 45.Ra5+ Kf6 46.Kf1 e3 47.fxe3 Rxe3 48.Kf2 Rb3  1-0

[Event "Acropolis Open"]
[Site "Athens GRE"]
[Date "2006.08.15"]
[Round "3"]
[White "Alexakis,D"]
[Black "Tassopoulos,M"]
[Result "1/2-1/2"]
[WhiteElo "2201"]
[BlackElo "2270"]

1.e4 c5 2.Nf3 e6 3.d4 cxd4 4.Nxd4 Nc6 5.Nc3 Qc7 6.Be3 a6 7.Be2 Nf6 8.O-O Bb4
9.Na4 Be7 10.Nxc6 bxc6 11.Nb6 Rb8 12.Nxc8 Qxc8 13.Bd4 c5 14.Be5 Rb6 15.b3 Nxe4
16.Bxg7 Rg8 17.Bb2 Rd6 18.Bd3 c4 19.bxc4 Qc6 20.Qf3 Nd2 21.Qxc6 Rxc6 22.Rfd1 Nxc4
23.Rab1 f5 24.Bd4 Kf7 25.Rb7 d5 26.Be2 Rgc8 27.Rd3 Nd6 28.Bh5+ Kf8 29.Rg3 Nxb7
30.Bg7+ Kg8 31.Bh6+ Kh8  1/2-1/2

[Event "FSIMB August"]
[Site "Budapest HUN"]
[Date "2006.08.15"]
[Round "11"]
[White "Torok,S"]
[Black "Mihok,O"]
[Result "1-0"]
[WhiteElo "2311"]
[BlackElo "2223"]

1.e4 c5 2.Nf3 e6 3.d4 cxd4 4.Nxd4 Nc6 5.Nc3 a6 6.Be3 Nf6 7.Nxc6 bxc6 8.e5 Nd5
9.Nxd5 cxd5 10.Be2 d6 11.Qd4 dxe5 12.Qxe5 Qd6 13.Qxd6 Bxd6 14.c4 dxc4 15.O-O-O Ke7
16.Bxc4 Bb7 17.Kb1 Bxg2 18.Bg5+ f6 19.Rhe1 e5 20.Bc1 g5 21.f4 gxf4 22.Bxf4 Bf3
23.Rd3 Bh5 24.Ka1 Bg6 25.Rb3 Rhc8 26.Rb7+ Rc7 27.Rxc7+ Bxc7 28.b4 Bd6 29.Bd2 e4
30.Kb2 Bxh2 31.a4 Be5+ 32.Kb3 f5 33.Bg5+ Bf6 34.Bf4 Rc8 35.b5 axb5 36.axb5 Bd4
37.Rd1 Bc5 38.Bg5+ Ke8 39.Rd5 Bb6 40.Re5+ Kd7 41.Re7+ Kd6 42.Re6+ Kc7 43.Bf4+ Kb7
44.Bd5+ Ka7 45.Re7+ Bc7 46.Rxc7+ Rxc7 47.Bxc7 e3 48.b6+ Ka6 49.b7 e2 50.b8=Q  1-0

[Event "16th Open"]
[Site "Abu Dhabi UAE"]
[Date "2006.08.16"]
[Round "5"]
[White "Mamedov,Rau"]
[Black "Potkin,V"]
[Result "1/2-1/2"]
[WhiteElo "2561"]
[BlackElo "2556"]

1.e4 c5 2.Nf3 e6 3.d4 cxd4 4.Nxd4 Nc6 5.Nc3 Qc7 6.Be2 Nf6 7.O-O Be7 8.Be3 O-O
9.f4 d6 10.a4 a6 11.Kh1 Nxd4 12.Qxd4 Bd7 13.e5 Ne8 14.Qb4 Bc6 15.Bb6 dxe5
16.Qa5 Qb8 17.fxe5 Bd8 18.Bxd8 Qxd8 19.Qxd8 Rxd8 20.Rfd1 Rc8 21.Rd4 f6 22.exf6 gxf6
23.Bc4 Ng7 24.Re1 Rfd8 25.Rxd8+ Rxd8 26.Bd3 Kf7 27.b4 f5 28.b5 axb5 29.axb5 Bd7
30.Na4 Kf6 31.Nc5 Bc8 32.Ra1 e5 33.Kg1 e4 34.Bc4 b6 35.Na4 Rd6 36.Be2 Rd2
37.Kf2 f4 38.Nxb6 Bg4 39.Re1 Ne6 40.h3 Bh5 41.Kf1 f3 42.gxf3 exf3 43.Bd3 Nf4
44.h4 Nxd3 45.cxd3 Rxd3 46.Nc4 Rb3 47.b6 Bf7 48.Nd2 Rxb6 49.Nxf3 Bd5 50.Re3 Rb2
51.Kg1 Bb7 52.Ng5 h5 53.Ne4+ Ke5 54.Nf2+ Kf5 55.Re5+ Kxe5 56.Nd3+ Kd4 57.Nxb2 Bf3
58.Kf2 Bg4 59.Na4 Bd7 60.Nb2  1/2-1/2

[Event "Acropolis Open"]
[Site "Athens GRE"]
[Date "2006.08.16"]
[Round "4"]
[White "Georgiadis,I"]
[Black "Aroshidze,L"]
[Result "1-0"]
[WhiteElo "2312"]
[BlackElo "2490"]

1.e4 c5 2.Nf3 e6 3.d4 cxd4 4.Nxd4 Nc6 5.Nc3 Qc7 6.Be3 a6 7.Bd3 Nf6 8.O-O Bd6
9.f4 Bc5 10.Nf5 Bxe3+ 11.Nxe3 d6 12.Kh1 O-O 13.Qe1 Nb4 14.Rc1 Bd7 15.Qh4 Nxd3
16.cxd3 Qd8 17.g4 Ne8 18.Qxd8 Rxd8 19.Ne2 g6 20.f5 Bb5 21.Rc3 Nf6 22.fxe6 fxe6
23.Nd4 Bd7 24.g5 Ne8 25.Kg2 Rxf1 26.Kxf1 Kf7 27.Ke2 Ke7 28.Rb3 Bc8 29.a4 Nc7
30.Rc3 Ne8 31.Nc4 e5 32.Nc2 Bg4+ 33.Kd2 Rc8 34.N2e3 Be6 35.Na5 Kd7 36.Nac4 Ke7
37.Na5 Rb8 38.Nec4 Kd8 39.Nb6 Nc7 40.Ke3 Ne8 41.d4 exd4+ 42.Kxd4 Ke7 43.Nd5+ Kd7
44.Nc4 b5 45.Ncb6+ Kd8 46.a5 Rb7 47.Nf6 h6 48.Nxe8 Kxe8 49.Rc6 hxg5 50.Rxd6 Kf7
51.Nd5 Ra7 52.Nb4 Ra8 53.Rxa6 Rh8 54.Ke5 Rxh2 55.Ra7+ Kg8 56.Kxe6 g4 57.Nd5 g3
58.Nf6+ Kh8 59.Kf7 Rh7+ 60.Nxh7 g2 61.Nf6  1-0

[Event "Jch-EST"]
[Site "Narva Joesuu EST"]
[Date "2006.08.16"]
[Round "2"]
[White "Ezov,R"]
[Black "Soskov,V"]
[Result "0-1"]
[WhiteElo "2144"]
[BlackElo "2251"]

1.e4 c5 2.Nf3 e6 3.d4 cxd4 4.Nxd4 Nc6 5.Nc3 Qc7 6.Be2 a6 7.O-O Nf6 8.Kh1 b5
9.a3 Bb7 10.Be3 Na5 11.f3 Be7 12.Qd2 O-O 13.g4 Nc4 14.Bxc4 Qxc4 15.Nce2 g6
16.Ng3 d6 17.Bh6 Rfe8 18.h4 Nd7 19.h5 Bf6 20.Be3 d5 21.g5 Bg7 22.f4 dxe4
23.hxg6 hxg6 24.b3 Qc7 25.Rad1 Nb6 26.Qf2 Nd5 27.Kg2 Rac8 28.c4 bxc4 29.Rh1 cxb3
30.f5 Qc3 31.f6 Nxe3+ 32.Kg1 Nxd1 33.Qh2 Qxd4+  0-1

[Event "Open"]
[Site "Predeal ROM"]
[Date "2006.08.16"]
[Round "7"]
[White "Soltanici,R"]
[Black "Katov,L"]
[Result "1/2-1/2"]
[WhiteElo "2348"]
[BlackElo "2226"]

1.e4 c5 2.Nf3 e6 3.d4 cxd4 4.Nxd4 Nc6 5.Nc3 Qc7 6.Be2 a6 7.O-O Nf6 8.Be3 Be7
9.f4 d6 10.g4 O-O 11.g5 Nd7 12.f5 Nxd4 13.Qxd4 Rd8  1/2-1/2

[Event "Open"]
[Site "Predeal ROM"]
[Date "2006.08.16"]
[Round "7"]
[White "Thesing,M"]
[Black "Stanculescu,C"]
[Result "1-0"]
[WhiteElo "2401"]
[BlackElo "2229"]

1.e4 c5 2.Nc3 e6 3.Nf3 Nc6 4.d4 cxd4 5.Nxd4 Nf6 6.Ndb5 d6 7.Bf4 e5 8.Bg5 a6
9.Na3 b5 10.Nd5 Be7 11.Bxf6 Bxf6 12.c4 b4 13.Nc2 Rb8 14.b3 Bg5 15.g3 O-O
16.h4 Bh6 17.Bh3 Be6 18.Kf1 Qd7 19.Kg2 Bxh3+ 20.Rxh3 f5 21.exf5 Qxf5 22.Qe2 Rbe8
23.g4 Nd4 24.Nxd4 exd4 25.gxf5 Rxe2 26.Nxb4 a5 27.Nc6 Rxf5 28.Rf3 Rxf3 29.Kxf3 d3
30.b4 Rc2 31.Nxa5 d2 32.Rd1 Rxa2 33.Ke4 Rb2 34.b5 Ra2 35.Nb3 Rb2 36.Nd4 Rb4
37.Kd3 Kf7 38.Nc6 Rb3+ 39.Kc2 Ra3 40.b6 Ra6 41.b7 Rxc6 42.b8=Q Rxc4+ 43.Kd3 Rc1
44.Ke2  1-0

[Event "Independence Cup A"]
[Site "Kyiv UKR"]
[Date "2006.08.18"]
[Round "6"]
[White "Baklan,V"]
[Black "Pavlov,S2"]
[Result "1-0"]
[WhiteElo "2621"]
[BlackElo "2415"]

1.e4 c5 2.Nf3 e6 3.Nc3 Nc6 4.d4 cxd4 5.Nxd4 Nf6 6.g3 Bb4 7.Bg2 d5 8.exd5 Nxd5
9.O-O Bxc3 10.Nxc6 bxc6 11.bxc3 Ba6 12.c4 Bxc4 13.Re1 O-O 14.Ba3 Re8 15.Bb2 f6
16.Qg4 Rb8 17.Bxf6 Qxf6 18.Qxc4 Rf8 19.f4 Ne3 20.Qe4 Nxg2 21.Kxg2 Rfe8 22.Rad1 Qc3
23.Rd6 Rb4 24.Qxc6 Rc8 25.Rd8+  1-0

[Event "16th Open"]
[Site "Abu Dhabi UAE"]
[Date "2006.08.19"]
[Round "7"]
[White "Fedorov,Alex"]
[Black "Potkin,V"]
[Result "1/2-1/2"]
[WhiteElo "2617"]
[BlackElo "2556"]

1.e4 c5 2.Nf3 e6 3.d4 cxd4 4.Nxd4 Nc6 5.Nc3 a6 6.Be3 Nf6 7.Bd3 Qc7 8.O-O Nxd4
9.Bxd4 Bc5 10.Bxc5 Qxc5 11.Kh1 d6 12.Qe1 e5 13.f4 Be6 14.Rd1 exf4 15.Rxf4 Qe5
16.Qd2 O-O 17.Rdf1 Nd7 18.Be2 Rac8  1/2-1/2

[Event "16th Open"]
[Site "Abu Dhabi UAE"]
[Date "2006.08.19"]
[Round "7"]
[White "Sethuraman,S"]
[Black "Javakhishvili,L"]
[Result "0-1"]
[WhiteElo "2290"]
[BlackElo "2418"]

1.e4 c5 2.Nf3 e6 3.d4 cxd4 4.Nxd4 Nc6 5.Nc3 Qc7 6.Be3 a6 7.Qd2 Nf6 8.O-O-O Bb4
9.f3 Ne5 10.Nb3 b5 11.Qe1 Be7 12.f4 Ng6 13.e5 Ng4 14.Bd2 Bb7 15.Bd3 Rc8 16.Ne4 O-O
17.h3 N4xe5 18.fxe5 Nxe5 19.Kb1 f5 20.Nf2 Bxg2 21.Rg1 Nf3 22.Qe2 Nxg1 23.Rxg1 Qh2
24.Rd1 Bd5 25.Be3 Bh4 26.Nc5 Qd6 27.Nb3 Qg3 28.Qd2 d6 29.Rf1 e5 30.Bxf5 Rxf5
31.Qxd5+ Kh8 32.Bb6 Qg6 33.Qd1 Qf6 34.Nc1 Bxf2 35.Bxf2 Rxf2 36.Rxf2 Qxf2
37.Nd3 Qf5  0-1

[Event "Acropolis Open"]
[Site "Athens GRE"]
[Date "2006.08.19"]
[Round "7"]
[White "Sandalakis,A"]
[Black "Al Modiahki,M"]
[Result "0-1"]
[WhiteElo "2220"]
[BlackElo "2564"]

1.e4 c5 2.Nf3 e6 3.d4 cxd4 4.Nxd4 Nc6 5.Nc3 Qc7 6.Be3 a6 7.Bd3 Nf6 8.Nxc6 bxc6
9.O-O d5 10.f4 Rb8 11.Bd4 Nd7 12.exd5 cxd5 13.Kh1 Rb4 14.Ne2 Nf6 15.Qe1 Be7
16.Be5 Qd8 17.Bc3 Rb8 18.Nd4 Qb6 19.f5 O-O 20.fxe6 fxe6 21.Qe2 Bd7 22.a3 Rbe8
23.Nf3 Bd6 24.Bxf6 gxf6 25.Nh4 f5 26.c3 a5 27.Qh5 Re7 28.b4 Qc7 29.Rae1 Qxc3
30.Re3 axb4 31.Rh3 Qg7 32.axb4 Qg4 33.Qh6 Rg7 34.b5 Qg5 35.Qxg5 Rxg5 36.Nf3 Rg4
37.Rb1 Rc8 38.Bf1 Rb4 39.Rxb4 Bxb4 40.Rg3+ Kf8 41.Nd4 Rc1 42.Rf3 Rd1 43.Nc6 Bd6
44.g4 e5 45.Kg2 e4 46.Rh3 f4 47.Rxh7 Bxg4 48.b6 Rd2+  0-1

[Event "9th Open"]
[Site "Banyoles ESP"]
[Date "2006.08.19"]
[Round "3"]
[White "Lopez Martinez,J"]
[Black "Pile,R"]
[Result "1/2-1/2"]
[WhiteElo "2480"]
[BlackElo "2300"]

1.e4 c5 2.Nf3 e6 3.d4 cxd4 4.Nxd4 Nc6 5.Nc3 Qc7 6.Be3 a6 7.Qd2 Nf6 8.O-O-O Bb4
9.f3 Ne5 10.Nb3 b5 11.Qe1 Be7 12.f4 Ng6 13.e5 Ng4 14.Bd2 Bb7 15.Bd3 Rc8 16.Qe2 f5
17.exf6 Nxf6 18.Rhf1 O-O 19.g3 Bd6 20.Ne4 Bd5 21.Ba5 Qb8 22.Bc3 Nxe4 23.Bxe4 Ne7
24.Bd3 Rf7 25.Kb1 Qa8 26.Nd2 Nf5 27.Ne4 Be7 28.Be5 Qc6 29.b3 Qb6 30.Rfe1 Qc6
31.Bb2 Qb7 32.a3 Qa8 33.Rf1 Qa7 34.Rde1 Qb7 35.Qd2 Bc4 36.Nf2 Bd5 37.Ng4 Bd6
38.Bxf5 Rxf5 39.Ne3 Rh5 40.f5 Rf8 41.Rd1 Bb8 42.Nxd5 exd5 43.Qxd5+ Qxd5 44.Rxd5 Rf7
45.Rf2 Ba7 46.Re2 Rhxf5 47.Re8+ Rf8 48.Rxf8+ Rxf8 49.Rxd7 Rf7 50.Rd8+ Rf8
51.Rd6 Bg1 52.h3 Rf3 53.Rxa6 Rxg3 54.h4 Bf2 55.h5 Rg5 56.h6 gxh6 57.Rxh6 Be3
58.Rh3 Bf2 59.Bf6 Rf5 60.Bh4 Rh5 61.Bxf2 Rxh3 62.a4 bxa4 63.bxa4 Ra3 64.Kc1 Rxa4
65.Kd2 Kf7 66.Kd3 h5 67.c4 Ke6 68.Ke4 Ra8 69.Kf3 Rg8 70.Bg3 Rg4 71.c5 Kd5
72.Bd6 Rg6 73.Be7 Rg7 74.Bd6 Rg4 75.Kf2 Ke6 76.Bh2 Rc4 77.Bd6 Rc3 78.Kg2 Kf5
79.Be7 Kg4 80.Bd6 Rc2+ 81.Kg1 Kh3 82.Be7 Rc3 83.Bd6 h4 84.c6 Rxc6 85.Bb8 Rc1+
86.Kf2 Rc2+ 87.Kg1 Rg2+ 88.Kf1 Rg4 89.Kf2 Rg2+ 90.Kf1 Rb2 91.Bc7 Rb3 92.Kg1 Rb7
93.Bd6 Rg7+ 94.Kf2 Rg3 95.Bc7 Rb3 96.Kg1 Rb7 97.Bd6 Rb6 98.Bc7 Rb1+ 99.Kf2 Kg4
100.Kg2 Rb2+ 101.Kg1 Kf3 102.Bd6 Kg4 103.Bc7 h3 104.Bd6 Rc2 105.Bb8 h2+ 106.Bxh2  1/2-1/2

[Event "Epetium Open"]
[Site "Stobrec CRO"]
[Date "2006.08.19"]
[Round "7"]
[White "Susovic,H"]
[Black "Zaper,M"]
[Result "1-0"]
[WhiteElo "2060"]
[BlackElo "1982"]

1.e4 c5 2.Nf3 Nc6 3.d4 cxd4 4.Nxd4 e6 5.Nc3 a6 6.Be2 Qc7 7.O-O h5 8.Kh1 h4
9.Be3 Nh6 10.Qd2 Ne5 11.Bf4 Bd6 12.Ndb5 axb5 13.Nxb5 Qc5 14.b4 Qxb5 15.Bxb5 Bb8
16.Rad1 Nhg4 17.f3 Nf6 18.Bxe5 Bxe5 19.f4 Nxe4 20.Qd3 Ng3+ 21.Kg1 Bd4+ 22.Rf2 Nf5
23.a4 O-O 24.g4 hxg3 25.hxg3 b6 26.g4 Bxf2+ 27.Kxf2 Nh6 28.Kg3 Bb7 29.Qxd7 Be4
30.c4 Kh8 31.Rd4 Nxg4 32.Kxg4 Bf5+ 33.Kg3 e5 34.Qxf5 exd4 35.c5 bxc5 36.bxc5 Rad8
37.Bd3 g6 38.Qf6+ Kg8 39.f5 Rfe8 40.fxg6 fxg6 41.Qxg6+ Kf8 42.Qf6+ Kg8 43.Bc4+ Kh7
44.Bf7 Re3+ 45.Kf2 Re2+ 46.Kxe2 d3+ 47.Kf1 Rg8 48.Qf5+ Kg7  1-0

[Event "Canadian Closed zt"]
[Site "Toronto CAN"]
[Date "2006.08.19"]
[Round "2"]
[White "Siddeley,H"]
[Black "Peng,D"]
[Result "0-1"]
[WhiteElo "2010"]
[BlackElo "2170"]

1.e4 c5 2.Nf3 e6 3.d4 cxd4 4.Nxd4 Nc6 5.Nc3 Qc7 6.Be3 a6 7.Qd2 Nf6 8.f3 b5
9.g4 h6 10.O-O-O Bb4 11.Nb3 Ne7 12.Kb1 Bxc3 13.bxc3 Bb7 14.Bc5 d5 15.g5 hxg5
16.Qxg5 Ng6 17.Qe3 Qf4 18.Qxf4 Nxf4 19.Bd6 Ng6 20.Nc5 O-O-O 21.e5 Nd7 22.Nxd7 Kxd7
23.Rd4 Nh4 24.Rf4 Nf5 25.Bc5 d4 26.h4 g5 27.Rxf5 exf5 28.Bd3 Bxf3 29.Rf1 g4
30.Bxf5+ Kc6 31.cxd4 Rdg8 32.Be7 Kd5 33.c3 g3 34.Bg5 g2 35.Rc1 Rxg5 36.hxg5 Rh1  0-1

[Event "9th Open"]
[Site "Banyoles ESP"]
[Date "2006.08.20"]
[Round "5"]
[White "Lopez Martinez,J"]
[Black "Braghetta,S"]
[Result "1-0"]
[WhiteElo "2480"]
[BlackElo "2304"]

1.e4 c5 2.Nf3 e6 3.d4 cxd4 4.Nxd4 Nc6 5.Nc3 Qc7 6.Be3 a6 7.Qd2 Nf6 8.O-O-O Bb4
9.f3 Ne7 10.Nde2 b5 11.a3 Ba5 12.b4 Bb6 13.Bxb6 Qxb6 14.Qd4 Qxd4 15.Nxd4 d5
16.e5 Nd7 17.f4 Nb6 18.Nb3 Nc6 19.Nd4 Bd7 20.Nxc6 Bxc6 21.Rd4 Ke7 22.Bd3 g6
23.Kd2 f6 24.exf6+ Kxf6 25.Re1 Rhe8 26.g3 Nc8 27.Nd1 Nd6 28.Nf2 Kg7 29.Ng4 Nf7
30.Ne5 Nxe5 31.fxe5 a5 32.Ke3 axb4 33.axb4 Re7 34.Rf4 Be8 35.h4 Ra4 36.c3 Ra3
37.Rc1 Ra2 38.Rf2 Ra3 39.Kd4 Rc7 40.Rf6 Ra6 41.g4 Re7 42.Rh1 Rf7 43.Rxf7+ Kxf7
44.h5 Kg7 45.h6+ Kg8 46.Rf1 Ra3 47.Rf6 Ra6 48.Rf2 Ra3 49.Kc5 Rxc3+ 50.Kd6 Rc6+
51.Ke7 Bf7 52.Bxb5  1-0

[Event "Lichtenberger Sommer"]
[Site "Berlin GER"]
[Date "2006.08.20"]
[Round "2"]
[White "Meister,Y"]
[Black "Sabrowski,U"]
[Result "1-0"]
[WhiteElo "2504"]
[BlackElo "2119"]

1.e4 c5 2.Nc3 e6 3.Nf3 Nc6 4.d4 cxd4 5.Nxd4 Bc5 6.Nb3 Bb6 7.Bf4 Bc7 8.Bxc7 Qxc7
9.Qd2 a6 10.f4 f6 11.O-O-O Nge7 12.h4 O-O 13.h5 Kh8 14.h6 g6 15.g3 b5 16.Bg2 Rb8
17.Kb1 a5 18.Qd6 Qxd6 19.Rxd6 Rf7 20.Nc5 b4 21.Ne2 Ng8 22.Nxe6 dxe6 23.Rxc6 e5
24.Rc5 Bg4 25.Nc1 exf4 26.gxf4 Ra7 27.Nd3 Rd8 28.b3 Be2 29.e5 Bxd3 30.cxd3 fxe5
31.fxe5 Rxd3 32.Rc8 Rad7 33.e6 Rd8 34.Rhc1 Ne7 35.Rxd8+ Rxd8 36.Rc7 Re8 37.Ra7 Ng8
38.Bd5 Nxh6 39.Rxa5 Nf5 40.Rb5 Ne3 41.Bb7 Rxe6 42.Rxb4 Nf5 43.a4 Re1+ 44.Kb2 Re2+
45.Ka3 Re1 46.Re4 Rd1 47.a5 Nd6 48.Re7 Nxb7 49.Rxb7 h5 50.Kb4 Ra1 51.Rc7 h4
52.Kb5 g5 53.Rc5 Rg1 54.a6 h3 55.Rc6 Kh7 56.a7  1-0

[Event "Canadian Closed zt"]
[Site "Toronto CAN"]
[Date "2006.08.20"]
[Round "3"]
[White "Ademi,S"]
[Black "Divljan,I"]
[Result "1-0"]
[WhiteElo "2249"]
[BlackElo "2319"]

1.e4 c5 2.Nf3 e6 3.d4 cxd4 4.Nxd4 Nc6 5.Nc3 Qc7 6.Be2 a6 7.O-O Nf6 8.Be3 Bb4
9.Bd3 Ne5 10.Bf4 d6 11.Nde2 Bc5 12.Qd2 b5 13.a3 O-O 14.b4 Ba7 15.h3 Bd7 16.Kh1 Bc6
17.Bh2 Qb7 18.f3 Rfd8 19.Bxe5 dxe5 20.Qg5 Bb8 21.a4 Bd6 22.Rfb1 Qd7 23.axb5 axb5
24.Ra5 Bc7 25.Rxa8 Rxa8 26.Rd1 Qe8 27.Qe3 Ra6 28.Nc1 h6 29.Nb3 Bb6 30.Qd2 Ra8
31.Kh2 Nh5 32.Ne2 Bb7 33.g4 Nf4 34.Nxf4 exf4 35.Qxf4 Rc8 36.Kg2 Qe7 37.Nc5 Bxc5
38.bxc5 Qxc5 39.Rb1 Bc6 40.Qd2 Qd4 41.Qb4 Qe3 42.Qe1 Qg5 43.Qe2 Qc5 44.Qf2 Qc3
45.Rb3 Qe5 46.Qe2 Qc5 47.Qd2 Ra8 48.Qb4 Qg5 49.Rb1 h5 50.Qc3 Be8 51.e5 h4
52.Rf1 Qf4 53.Qe1 g5 54.Qf2 Bc6 55.Re1 Ra4 56.Re3 Ra1 57.Bf1 Kg7 58.Rc3 Bd5
59.Bxb5 Qxe5 60.Re3 Qd4 61.Rd3 Qb4 62.Qd4+ Qxd4 63.Rxd4 Ra2 64.Rd2 Kf6 65.Kf2 Ke5
66.Ke3 Ra1 67.Rf2 Re1+ 68.Be2 Ra1  1-0

[Event "XXVI Open A"]
[Site "Bratto ITA"]
[Date "2006.08.21"]
[Round "3"]
[White "Bellia,F"]
[Black "Lava,G"]
[Result "1-0"]
[WhiteElo "2392"]
[BlackElo "2232"]

1.e4 c5 2.Nf3 e6 3.d4 cxd4 4.Nxd4 Nc6 5.Nc3 Qc7 6.Be2 a6 7.O-O Nf6 8.Kh1 Be7
9.f4 d6 10.Be3 O-O 11.Qe1 Bd7 12.Qg3 Kh8 13.Rae1 b5 14.a3 Rab8 15.Bd3 b4
16.Nxc6 Bxc6 17.axb4 Rxb4 18.Bc1 Qb7 19.Qf3 g6 20.b3 d5 21.exd5 Nxd5 22.Nxd5 Bxd5
23.Qe2 Bf6 24.Ba3 a5 25.c4 Bc6 26.Be4 Rc8 27.Bxb4 Qxb4 28.Bxc6 Rxc6 29.Qe4 Rc8
30.Rb1 Kg7 31.Rfc1 Rb8 32.Rd1 Rb7 33.Qe1 Bc3 34.Qe4 Bf6 35.Qc2 Rc7 36.Rdc1 Rc5
37.Qf2 h5 38.g3 Qb7+ 39.Kg1 Qb4 40.Qe3 Rc7 41.Qf3 Rd7 42.Rd1 Rb7 43.Qc6 Rb6
44.Qc7 Rb7 45.Qd6 Qc3 46.Qd3 Qb4 47.Qd2 Qc5+ 48.Kh1 Rb6 49.Qd7 Qe3 50.Qd3 Qc5
51.Kg2 Qc6+ 52.Qf3 Qc5 53.Rbc1 Rb4 54.Qd3 Rb6 55.Rc2 Qc6+ 56.Kf2 Be7 57.Qc3+ Kh7
58.Qf3 Qc5+ 59.Kg2 Qf5 60.Rcd2 Bc5 61.Rd8 Bb4 62.Qd3 Qg4 63.h3  1-0

[Event "3rd Dato Arthur Tan"]
[Site "Kuala Lumpur MAS"]
[Date "2006.08.21"]
[Round "1"]
[White "Sumant,S"]
[Black "Nguyen Hoang Nam1"]
[Result "1/2-1/2"]
[WhiteElo "2013"]
[BlackElo "2338"]

1.e4 c5 2.Nf3 e6 3.d4 cxd4 4.Nxd4 Nc6 5.Nc3 Nf6 6.Nb3 Bb4 7.Bd2 Bxc3 8.Bxc3 Nxe4
9.Bxg7 Rg8 10.Bd4 d5 11.Be3 Qf6 12.c3 Bd7 13.g3 Ne5 14.Be2 Nc6 15.a4 Nd6
16.a5 Nf5 17.Bc5 Qe5 18.Qd3 Qc7 19.f4 Nxa5 20.Rxa5 b6 21.Bxb6 Qxb6 22.Ra3 Rb8
23.Qa6 Ke7 24.Qxb6 Rxb6 25.Nc5 Rxb2 26.Rxa7 Rd8 27.Bd3 Nd6 28.Kd1 Nb5 29.Kc1 Nxa7
30.Kxb2 Rb8+ 31.Kc2 Rc8 32.Nxd7 Kxd7 33.Bxh7 Nb5 34.Kd2 Rxc3 35.Bd3 Rc5 36.Rc1 Nd4
37.Rxc5 Nb3+ 38.Ke3 Nxc5 39.Bc2 Ke7 40.g4 Kf6 41.Kd4 Nd7 42.g5+ Kg7 43.f5 exf5
44.Bxf5 f6 45.Bxd7 fxg5 46.Kxd5 g4 47.Bxg4 Kh8 48.h4 Kg7 49.Ke5 Kh8 50.Kf6 Kh7
51.Be6 Kh8 52.Bf5 Kg8 53.h5 Kh8  1/2-1/2

[Event "3rd Dato Arthur Tan"]
[Site "Kuala Lumpur MAS"]
[Date "2006.08.21"]
[Round "2"]
[White "Humphrey,J"]
[Black "Murshed,N"]
[Result "0-1"]
[WhiteElo "2246"]
[BlackElo "2464"]

1.e4 c5 2.Nf3 e6 3.d4 cxd4 4.Nxd4 Nc6 5.Nc3 Qc7 6.Be3 a6 7.Qd2 Nxd4 8.Bxd4 Ne7
9.Qg5 h6 10.Qe3 b5 11.O-O-O Rb8 12.Bc5 Nf5 13.exf5 Bxc5 14.Qd2 Bb4 15.fxe6 dxe6
16.Qd4 Bxc3 17.Qxc3 Qxc3 18.bxc3 Bb7 19.c4 Ke7 20.f3 Bc6 21.Bd3 Rhc8 22.cxb5 Bxb5
23.Rhe1 Rc5 24.Bxb5 Rcxb5 25.Rd3 Rb1+ 26.Kd2 Rxe1 27.Kxe1 Rb2 28.Ra3 Rxc2
29.Kf1 Rc6 30.Kf2 f5 31.Kg3 g5 32.Rb3 Kf6 33.Ra3 h5 34.h3 h4+ 35.Kf2 Ke5  0-1

[Event "3rd Dato Arthur Tan"]
[Site "Kuala Lumpur MAS"]
[Date "2006.08.22"]
[Round "4"]
[White "Tirto"]
[Black "Murshed,N"]
[Result "1/2-1/2"]
[WhiteElo "2418"]
[BlackElo "2464"]

1.e4 c5 2.Nf3 e6 3.d4 cxd4 4.Nxd4 Nc6 5.Nc3 Qc7 6.Be3 a6 7.Qd2 Nxd4 8.Qxd4 Ne7
9.O-O-O Nc6 10.Qb6 Bd6 11.Qxc7 Bxc7 12.Na4 b5 13.Nb6 Bxb6 14.Bxb6 Bb7 15.f3 f6
16.Be2 Ne5 17.b3 d5 18.exd5 Bxd5 19.Rhe1 O-O 20.Kb2 Rfc8 21.Bf2 Rc6 22.Rd2 Rac8
23.Rc1 Ng6 24.c3 Ne7 25.Rdc2 e5 26.c4 bxc4 27.Bxc4 Bxc4 28.Rxc4 Rxc4 29.bxc4 Kf7
30.Kb3 Nc6 31.Ka4 Rb8 32.Rc2 Rb4+ 33.Ka3 Rb8 34.Bc5 Ke6 35.Ka4 Nd4 36.Bxd4 exd4
37.Rd2 Ke5 38.Ka5 Rc8 39.Kb4 Rb8+  1/2-1/2

[Event "3rd Dato Arthur Tan"]
[Site "Kuala Lumpur MAS"]
[Date "2006.08.22"]
[Round "4"]
[White "Bao Khoa"]
[Black "Rahman,Zia"]
[Result "0-1"]
[WhiteElo "2093"]
[BlackElo "2534"]

1.e4 c5 2.Nf3 e6 3.Nc3 Nc6 4.d4 cxd4 5.Nxd4 Qc7 6.Be3 a6 7.a4 Nf6 8.Bd3 Bb4
9.O-O Nxd4 10.Bxd4 e5 11.Be3 Bxc3 12.bxc3 d6 13.Qd2 O-O 14.a5 Be6 15.f3 Nd7
16.Rfd1 Nc5 17.c4 Rad8 18.Qb4 Rd7 19.Rab1 Rc8 20.Be2 Rcd8 21.Bxc5 dxc5 22.Qxb7 Rxd1+
23.Rxd1 Qxa5 24.Kf2 Rf8 25.Rd6 Bc8 26.Qe7 Be6 27.Rc6 Qa1 28.Qxc5 Ra8 29.Rd6 h5
30.Qc6 Rb8 31.Qxa6 Qc3 32.Qa4 Rb1 33.Bd1 Bxc4 34.Qe8+ Kh7 35.Qd7 Be6 36.Qa7 Rxd1
37.Rxd1 Qxc2+ 38.Ke1 Bb3 39.Rd8 Qxg2 40.Qb8 Qg1+ 41.Kd2 Qxh2+ 42.Kc3 Qc2+
43.Kb4 Qc4+ 44.Ka5 Qc5+ 45.Ka6 Bc4+ 46.Kb7 Qb5+ 47.Kc7 Qxb8+ 48.Rxb8 Be2
49.Rb3 h4 50.Kd6 h3 51.f4 Bf1 52.Rb2 Bg2 53.Kxe5 h2  0-1

[Event "XXVI Open A"]
[Site "Bratto ITA"]
[Date "2006.08.23"]
[Round "5"]
[White "Fierro Baquero,M"]
[Black "Borgo,G"]
[Result "0-1"]
[WhiteElo "2314"]
[BlackElo "2414"]

1.e4 c5 2.Nf3 e6 3.d4 cxd4 4.Nxd4 Nc6 5.Nc3 Qc7 6.Be3 a6 7.Qd2 Nf6 8.f3 Ne5
9.Nb3 b5 10.Qd4 d6 11.O-O-O Bd7 12.Kb1 Rc8 13.f4 Nc4 14.Bc1 b4 15.e5 bxc3
16.exf6 gxf6 17.Bxc4 Qxc4 18.Qxc3 Qxc3 19.bxc3 Bc6 20.Rhg1 Rg8 21.g3 f5 22.Ba3 Bf3
23.Rd4 d5 24.Bxf8 Kxf8 25.Kb2 Ke7 26.Ra4 Be2 27.Re1 Bc4 28.Rb4 Rc7 29.Nd4 Kf6
30.Rb6 Rgc8 31.Re5 Kg7 32.Re3 Ra7 33.Nc6 Raa8 34.a4 a5 35.Kc1 Rc7 36.Kd2 Kf8
37.Re1 Rac8 38.Nd4 Ba2 39.Re3 h5 40.Nf3 h4 41.Rb2 Bc4 42.Nxh4 d4 43.cxd4 Bd5
44.Ra3 Rc4 45.c3 Ra8 46.Ke3 Rac8 47.Kd3 R4c6 48.Kd2 Ra6 49.Ra1 Bc4 50.Nf3 f6
51.Rab1 Rc7 52.Ne1 Kg7 53.Nd3 Kg6 54.Ra1 Kh5 55.Ke3 Bd5 56.Nc5 Ra8 57.Re2 Rb8
58.Na6 Rxc3+ 59.Kd2 Rbb3 60.Nc5 Rb2+ 61.Kxc3 Rxe2 62.Rb1 Rxh2 63.Rb3 Kg4
64.Rb5 Kxg3 65.Rxa5 Kxf4 66.Ra6 Re2 67.a5 Kg3 68.Ra7 f4 69.Rg7+ Kh2 70.Rh7+ Kg1
71.Rg7+ Kf1 72.a6 f3 73.Nd3 Ra2 74.a7 f2 75.Nb4 Ke1  0-1

[Event "6th Open"]
[Site "Velika Gorica CRO"]
[Date "2006.08.23"]
[Round "6"]
[White "Vadla,Z"]
[Black "Jovanic,O"]
[Result "1-0"]
[WhiteElo "2227"]
[BlackElo "2464"]

1.e4 c5 2.Nf3 e6 3.d4 cxd4 4.Nxd4 Nc6 5.Nc3 Qc7 6.g3 a6 7.Bg2 d6 8.O-O Bd7
9.Nb3 Nf6 10.h3 Be7 11.a4 Rc8 12.g4 h6 13.f4 Nh7 14.Qe1 O-O 15.h4 g5 16.Be3 gxh4
17.a5 Kh8 18.Kh1 Rg8 19.Bf3 Qd8 20.Rg1 Nb4 21.Qd2 Nc6 22.Bb6 Qf8 23.e5 d5
24.Raf1 Qg7 25.Nc5 Bxc5 26.Bxc5 Nxa5 27.Bf2 Nc4 28.Qc1 Bc6 29.b3 d4 30.Bxd4 Na5
31.Qe3 Bxf3+ 32.Rxf3 Nc6 33.Bc5 f6 34.Bd6 fxe5 35.fxe5 Ne7 36.Rf6 Rce8 37.Rxh6 Nd5
38.Nxd5 exd5 39.e6 d4 40.Qe5 Rgf8 41.Qh5  1-0